World directory of map collections / (Record no. 100975)
[ view plain ]
| 000 -LEADER | |
|---|---|
| fixed length control field | 00925cam a2200253 a 4500 |
| 008 - FIXED-LENGTH DATA ELEMENTS--GENERAL INFORMATION | |
| fixed length control field | |
| 020 ## - INTERNATIONAL STANDARD BOOK NUMBER | |
| International Standard Book Number | 3598218184 (hbk.) |
| 049 00 - LOCAL HOLDINGS (OCLC) | |
| Holding library | MAIN |
| 050 00 - LIBRARY OF CONGRESS CALL NUMBER | |
| Classification number | REF GA192 WOR |
| 003 - CONTROL NUMBER IDENTIFIER | |
| control field | |
| 005 - DATE AND TIME OF LATEST TRANSACTION | |
| control field | 20230120191428.0 |
| 040 ## - CATALOGING SOURCE | |
| Transcribing agency | NUST |
| 100 1# - MAIN ENTRY--PERSONAL NAME | |
| Personal name | Loiseaux, Olivier. |
| 245 10 - TITLE STATEMENT | |
| Title | World directory of map collections / |
| Statement of responsibility, etc. | compiled and edited by Olivier Loiseaux on behalf of the Section of Geography and Map Libraries. |
| 250 ## - EDITION STATEMENT | |
| Edition statement | 4th ed. |
| 260 ## - PUBLICATION, DISTRIBUTION, ETC. | |
| Place of publication, distribution, etc. | M�eunchen : |
| Name of publisher, distributor, etc. | K.G. Saur, |
| Date of publication, distribution, etc. | 2000. |
| 300 ## - PHYSICAL DESCRIPTION | |
| Extent | ix, 541 p. ; |
| Dimensions | 22 cm. |
| 440 #0 - SERIES STATEMENT/ADDED ENTRY--TITLE | |
| Title | IFLA publications, |
| International Standard Serial Number | 0344-6891 ; |
| Volume/sequential designation | 92/93 |
| 504 ## - BIBLIOGRAPHY, ETC. NOTE | |
| Bibliography, etc. note | Includes bibliographical references (p. 525) and indexes. |
| 650 #0 - SUBJECT ADDED ENTRY--TOPICAL TERM | |
| Topical term or geographic name entry element | Map collections |
| Form subdivision | Directories. |
| 710 2# - ADDED ENTRY--CORPORATE NAME | |
| Corporate name or jurisdiction name as entry element | International Federation of Library Associations and Institutions. |
| Subordinate unit | Section of Geography and Map Libraries. |
| 907 ## - LOCAL DATA ELEMENT G, LDG (RLIN) | |
| a | .b10229322 |
| b | 06-02-07 |
| c | 06-02-07 |
| 942 ## - ADDED ENTRY ELEMENTS (KOHA) | |
| Koha item type | Ordinary Loan Books |
| Date last seen | Total Checkouts | Full call number | Barcode | Cost, replacement price | Price effective from | Koha item type | Lost status | Source of classification or shelving scheme | Damaged status | Not for loan | Collection | Withdrawn status | Home library | Current library | Shelving location | Date acquired | Cost, normal purchase price |
|---|---|---|---|---|---|---|---|---|---|---|---|---|---|---|---|---|---|
| 01/20/2023 | REF GA192 WOR | 92003022229 | 80.00 | 01/20/2023 | BOOKS | LCC | NFIC | MAIN | MAIN | GEN | 01/20/2023 | 80.00 |